00808 a2200229 4500010001400000020002300014035001300037037001600050082001000066090001500076100002600091245010500117250001100222260004400233270005200277300002900329500002100358700002400379942002500403999001500428952013500443 aENG-88889 c350.00a8125919317 aEN-72422 bDBAD / PUB14a006.6 c9610d96101 aMukhopadhyay, Anirban1 aIntroduction to computer graphics and multimedia /cby Anirban Mukhopadhyay [and] Arup Chattopadhyay a2nd ed aNew DelhibVikas Publishing Housec2007 a576, Masjid Road, Jangpura,bNew Delhie110 014 axvii, 509 :c26cm (pbk) aIncludes index aChattopadhyay, Arup adplcENk006.6 / MUK c9436d9436 00102ddc40718NFICaDBADbDBADeDBAD/PUBg350.00l0o006.6 MUKpEN-72422r2008-09-15 00:00:00t1u10420v350.00w2008-09-15yEN